|
|
|
|
| LEADER |
00989nam a2200325 4500 |
| 001 |
DLU090095549 |
| 005 |
##20091201 |
| 040 |
# |
# |
|a DLU
|b eng
|
| 041 |
# |
# |
|a eng
|
| 044 |
# |
# |
|a us
|
| 100 |
# |
# |
|a Dhanaraj, J.
|
| 245 |
# |
# |
|a Y2O2S : Eu3+ nanocrystals-synthesis and luminescent properties /
|c J. Dhanaraj, R. Jagannathan, D. C. Trivedi.
|
| 653 |
# |
# |
|a Crystal morphology
|
| 653 |
# |
# |
|a Inorganic compounds
|
| 653 |
# |
# |
|a Nanocrystals
|
| 653 |
# |
# |
|a Photoluminescence
|
| 653 |
# |
# |
|a Transition element compounds
|
| 653 |
# |
# |
|a Transmission electron microscopy
|
| 700 |
# |
# |
|a Jagannathan, R.
|
| 700 |
# |
# |
|a Trivedi, D. C.
|
| 773 |
# |
# |
|t Journal of Materials Chemistry
|g Vol. 13, no. 7 (2003), p. 1778-1782
|
| 920 |
# |
# |
|a Phòng Tạp chí -- Trung tâm Thông tin - Thư viện Trường Đại học Đà Lạt
|
| 994 |
# |
# |
|a DLU
|
| 900 |
# |
# |
|a True
|
| 911 |
# |
# |
|a Trương Bảo Trâm Anh
|
| 925 |
# |
# |
|a G
|
| 926 |
# |
# |
|a A
|
| 927 |
# |
# |
|a BB
|
| 980 |
# |
# |
|a Thư viện Trường Đại học Đà Lạt
|